University Home | Library Home | Institutional Repository

Ecumenical foundations : (Record no. 153031)

MARC details
000 -LEADER
fixed length control field 00932cam8a220025300 4500
001 - CONTROL NUMBER
control field qce00373121
005 - DATE AND TIME OF LATEST TRANSACTION
control field 20190823112317.0
008 - FIXED-LENGTH DATA ELEMENTS--GENERAL INFORMATION
fixed length control field 750429s1952 nyu b 000 0 eng u
010 ## - LIBRARY OF CONGRESS CONTROL NUMBER
LC control number 51011923
035 ## - SYSTEM CONTROL NUMBER
System control number (Sirsi) r101099
035 ## - SYSTEM CONTROL NUMBER
System control number (QCAT)lss00813103
035 ## - SYSTEM CONTROL NUMBER
System control number (UPRA)qce00373121
040 ## - CATALOGING SOURCE
Modifying agency UPRA
050 ## - LIBRARY OF CONGRESS CALL NUMBER
Classification number BV2020
Item number .I6 1952f
100 1# - MAIN ENTRY--PERSONAL NAME
Personal name Hogg, William Richey, 1921-
Dates associated with a name Hogg, William Richey, 1921-
Linkage A59220.1
245 10 - TITLE STATEMENT
Title Ecumenical foundations :
Remainder of title a history of the International Missionary Council and its nineteenth century background.
250 ## - EDITION STATEMENT
Edition statement [1st ed.].
260 ## - PUBLICATION, DISTRIBUTION, ETC.
Place of publication, distribution, etc. New York :
Name of publisher, distributor, etc. Harper,
Date of publication, distribution, etc. [1952]
500 ## - GENERAL NOTE
General note "Presented originally .... as a dissertation for the degree of doctor of philosophy in Yale University."
504 ## - BIBLIOGRAPHY, ETC. NOTE
Bibliography, etc. note Bibliography: p. 435-449.
610 20 - SUBJECT ADDED ENTRY--CORPORATE NAME
Corporate name or jurisdiction name as entry element International Missionary Council.
Linkage S45617.1
949 ## - LOCAL PROCESSING INFORMATION (OCLC)
a BV2020
w lcc
i -144027
m MAIN
t BOOK
l ON-SHELF

No items available.

© 2026 - The University of Zambia Library - Koha v25.11